[Event "Parana-ch"]
[Site "Curitiba"]
[Date "2013.01.27"]
[Round "9"]
[White "Hirota da Silva, Nilton Jose"]
[Black "Macedo, Thiago Crema"]
[Result "1-0"]
[WhiteElo "2058"]
[BlackElo "2065"]
[PlyCount "39"]
[EventDate "2013.01.22"]
[EventType "swiss"]
[EventRounds "9"]
[EventCountry "BRA"]
[SourceTitle "CBM 152 Extra"]
[Source "ChessBase"]
[SourceDate "2013.02.25"]
[SourceVersion "1"]
[SourceVersionDate "2013.02.25"]
[SourceQuality "1"]

1. d4 Nf6 2. Bg5 Ne4 3. Bh4 g5 4. f3 gxh4 5. fxe4 d5 6. exd5 Qxd5 7. Nc3 Qa5 8. Qd3 Bg7 9. 0-0-0 0-0 10. Nf3 Bf5 11. e4 Bg4 12. Kb1 Rd8 13. Qe3 Nc6 14. e5 Qb6 15. Bd3 Bxf3 16. gxf3 Nxe5 17. Na4 Qa5 18. dxe5 Qxa4 19. Rhg1 Kh8 20. Qg5 1-0

[Event "BRA-ch U18"]
[Site "Catanduva"]
[Date "2010.06.06"]
[Round "7.2"]
[White "Shumyatsky, Victor"]
[Black "Macedo, Thiago Crema"]
[Result "1-0"]
[WhiteElo "1813"]
[BlackElo "2086"]
[PlyCount "43"]
[EventDate "2010.06.03"]
[EventType "swiss"]
[EventRounds "7"]
[EventCountry "BRA"]
[SourceTitle "EXT 2022"]
[Source "ChessBase"]
[SourceDate "2021.10.06"]
[SourceVersion "1"]
[SourceVersionDate "2021.10.06"]
[SourceQuality "1"]

1. e4 c5 2. Nf3 e6 3. d4 cxd4 4. Nxd4 a6 5. Bd3 Nc6 6. Nxc6 dxc6 7. 0-0 e5 8. a4 Be6 9. Nd2 Nf6 10. Qe2 b5 11. Rd1 Rc8 12. axb5 axb5 13. Nf3 Qc7 14. Be3 Ng4 15. Ng5 Bd7 16. Ra7 Qd8 17. Nxf7 Kxf7 18. Qxg4 Rc7 19. Rxc7 Qxc7 20. Bc4+ Ke8 21. Bf7+ Kd8 22. Bb6 1-0

[Event "Curitiba CC 71 Aniversario"]
[Site "Curitiba"]
[Date "2009.09.13"]
[Round "5"]
[White "Macedo, Thiago Crema"]
[Black "Nunes, Marcelo Basilio"]
[Result "0-1"]
[WhiteElo "2086"]
[BlackElo "2033"]
[PlyCount "96"]
[EventDate "2009.09.11"]
[EventType "swiss"]
[EventRounds "6"]
[EventCountry "BRA"]
[SourceTitle "EXT 2022"]
[Source "ChessBase"]
[SourceDate "2021.10.06"]
[SourceVersion "1"]
[SourceVersionDate "2021.10.06"]
[SourceQuality "1"]

1. e4 c6 2. d4 d6 3. Nf3 g6 4. Bc4 d5 5. exd5 cxd5 6. Bd3 Bg7 7. c3 Nc6 8. Bf4 Nf6 9. Nbd2 Bf5 10. Bxf5 gxf5 11. Ne5 Qb6 12. Qc2 e6 13. Nb3 Nh5 14. Nd3 Qd8 15. Qe2 Nxf4 16. Nxf4 Bh6 17. Nd3 Qh4 18. 0-0 Rg8 19. g3 Qe4 20. Qh5 Rg6 21. Ndc5 Qg4 22. Qxg4 Rxg4 23. Nxb7 Ke7 24. f3 Rg6 25. Kf2 a5 26. a4 Bg7 27. f4 h5 28. h4 Bf6 29. Kf3 Rag8 30. Rf2 Rxg3+ 31. Ke2 Rh3 32. Kd2 Bxh4 33. Re2 Bf6 34. N3xa5 Nxa5 35. Nxa5 Rhg3 36. b4 Rc8 37. Rc1 Kd7 38. b5 Bd8 39. Nb3 Be7 40. Re3 Rg2+ 41. Re2 Rg3 42. Rf2 Bb4 43. Nc5+ Bxc5 44. dxc5 Rxc5 45. Rh2 Kc7 46. Rxh5 Kb6 47. Rb1 Rcxc3 48. Rh8 Ra3 0-1

[Event "Curitiba CC 71 Aniversario"]
[Site "Curitiba"]
[Date "2009.09.12"]
[Round "2"]
[White "Pereira, Silvio Cunha"]
[Black "Macedo, Thiago Crema"]
[Result "1-0"]
[WhiteElo "2278"]
[BlackElo "2086"]
[PlyCount "51"]
[EventDate "2009.09.11"]
[EventType "swiss"]
[EventRounds "6"]
[EventCountry "BRA"]
[SourceTitle "EXT 2022"]
[Source "ChessBase"]
[SourceDate "2021.10.06"]
[SourceVersion "1"]
[SourceVersionDate "2021.10.06"]
[SourceQuality "1"]

1. e4 c5 2. Nf3 e6 3. d4 cxd4 4. Nxd4 a6 5. c4 Nc6 6. Be2 Qc7 7. Nc3 Nf6 8. Be3 h5 9. Rc1 Bb4 10. Nxc6 dxc6 11. a3 Bxc3+ 12. Rxc3 Nxe4 13. Rb3 c5 14. Bf3 Nf6 15. Qd2 e5 16. Bg5 Rb8 17. 0-0 Be6 18. Re1 Nd7 19. Bd5 Nf8 20. f4 f6 21. Bh4 Bxd5 22. Qxd5 Ng6 23. fxe5 Nxe5 24. Bg3 g6 25. Rbe3 Kf8 26. Rxe5 1-0

[Event "Parana-ch"]
[Site "Paranavai"]
[Date "2009.01.29"]
[Round "5"]
[White "Tomaz, Tainan Pantano"]
[Black "Macedo, Thiago Crema"]
[Result "0-1"]
[WhiteElo "1615"]
[BlackElo "2076"]
[PlyCount "42"]
[EventDate "2009.01.27"]
[EventType "swiss"]
[EventRounds "9"]
[EventCountry "BRA"]
[SourceTitle "EXT 2012"]
[Source "ChessBase"]
[SourceDate "2011.11.24"]
[SourceVersion "1"]
[SourceVersionDate "2011.11.24"]
[SourceQuality "1"]

1. c4 c6 2. e4 d5 3. cxd5 cxd5 4. e5 Nc6 5. d4 Qc7 6. Ne2 Bf5 7. Nbc3 Nb4 8. Qa4+ Kd8 9. Ng3 Bg6 10. Nb5 Nc2+ 11. Ke2 a6 12. Kf3 axb5 13. Qxa8+ Kd7 14. a4 Nxd4+ 15. Kg4 h5+ 16. Kh4 Nh6 17. Bxb5+ Nxb5 18. axb5 e6 19. Bg5 Be7 20. Qxh8 Qc4+ 21. f4 Qxf4+ 0-1

[Event "Braco do NorteTSC"]
[Site "Braco do Norte"]
[Date "2008.08.??"]
[Round "3"]
[White "Menna Barreto, Luiz Ney"]
[Black "Macedo, Thiago Crema"]
[Result "1-0"]
[WhiteElo "2313"]
[BlackElo "2076"]
[PlyCount "67"]
[EventDate "2008.08.??"]
[EventType "swiss"]
[EventRounds "7"]
[EventCountry "BRA"]
[SourceTitle "EXT 2022"]
[Source "ChessBase"]
[SourceDate "2021.10.06"]
[SourceVersion "1"]
[SourceVersionDate "2021.10.06"]
[SourceQuality "1"]

1. Nf3 d5 2. d4 Nf6 3. c4 c6 4. Nc3 a6 5. cxd5 cxd5 6. Bf4 Nc6 7. e3 e6 8. Rc1 Bd6 9. Bxd6 Qxd6 10. Bd3 0-0 11. 0-0 e5 12. dxe5 Nxe5 13. Be2 Nxf3+ 14. Bxf3 Rd8 15. Qd4 Be6 16. Rfd1 Rac8 17. h3 b5 18. Ne2 Rxc1 19. Rxc1 Nd7 20. Qh4 Ne5 21. Nd4 Rc8 22. Rd1 Qb4 23. b3 Nxf3+ 24. gxf3 Re8 25. Rc1 h6 26. Kg2 Qd2 27. Rc2 Qd3 28. Qg3 b4 29. h4 a5 30. Rc5 Bc8 31. Rxa5 Ba6 32. Kh2 Rc8 33. Qg1 Qd2 34. Rxa6 1-0

[Event "Curitiba IRT Aniversario"]
[Site "Curitiba"]
[Date "2008.03.29"]
[Round "3.7"]
[White "Vieira Neto, Ademar"]
[Black "Macedo, Thiago Crema"]
[Result "1/2-1/2"]
[WhiteElo "2134"]
[BlackElo "2083"]
[PlyCount "48"]
[EventDate "2008.03.28"]
[EventType "swiss"]
[EventRounds "6"]
[EventCountry "BRA"]
[SourceTitle "EXT 2022"]
[Source "ChessBase"]
[SourceDate "2021.10.06"]
[SourceVersion "1"]
[SourceVersionDate "2021.10.06"]
[SourceQuality "1"]

1. e4 c5 2. Nf3 e6 3. d4 cxd4 4. Nxd4 a6 5. Bd3 Nc6 6. Nb3 b5 7. a4 b4 8. Qe2 Ne5 9. N1d2 Nxd3+ 10. cxd3 d5 11. 0-0 a5 12. Re1 Ba6 13. Qf3 Bb7 14. e5 Qd7 15. Nd4 h5 16. N2b3 Ne7 17. Nc5 Qc8 18. Nb5 Nf5 19. Nxb7 Qxb7 20. Be3 Be7 21. Rac1 Rc8 22. Rxc8+ Qxc8 23. Rc1 Qb8 24. d4 g5 1/2-1/2

[Event "Parana-ch"]
[Site "Foz do Iguacu"]
[Date "2008.01.25"]
[Round "6"]
[White "Macedo, Thiago Crema"]
[Black "Cruz, William Ferreira Da"]
[Result "0-1"]
[WhiteElo "2083"]
[BlackElo "2166"]
[PlyCount "76"]
[EventDate "2008.01.23"]
[EventType "swiss"]
[EventRounds "9"]
[EventCountry "BRA"]
[SourceTitle "EXT 2010"]
[Source "ChessBase"]
[SourceDate "2010.11.25"]
[SourceVersion "1"]
[SourceVersionDate "2010.11.25"]
[SourceQuality "1"]

1. e4 e6 2. c4 d5 3. cxd5 exd5 4. exd5 Nf6 5. Nc3 Be7 6. d4 Nbd7 7. Bd3 Nb6 8. Nge2 Nbxd5 9. 0-0 0-0 10. Nxd5 Nxd5 11. Nc3 Be6 12. Re1 Nxc3 13. bxc3 c5 14. Rxe6 fxe6 15. Qh5 Rf5 16. Bxf5 exf5 17. Be3 cxd4 18. cxd4 Qd5 19. Qd1 Rd8 20. Qa4 a6 21. Kf1 Bd6 22. Bg5 Rc8 23. Rc1 Rxc1+ 24. Bxc1 b5 25. Qb3 Qxb3 26. axb3 Bb4 27. Bb2 Kf7 28. Ke2 g6 29. Kd3 Ke6 30. f3 Kd5 31. h3 a5 32. g4 a4 33. bxa4 bxa4 34. gxf5 gxf5 35. Ke3 a3 36. Ba1 Kc4 37. d5 Kxd5 38. Kd3 Bd6 0-1

[Event "Parana-ch"]
[Site "Foz do Iguacu"]
[Date "2008.01.23"]
[Round "2"]
[White "Cella, Glaucio Dalla Cortt"]
[Black "Macedo, Thiago Crema"]
[Result "0-1"]
[WhiteElo "1731"]
[BlackElo "2083"]
[PlyCount "38"]
[EventDate "2008.01.23"]
[EventType "swiss"]
[EventRounds "9"]
[EventCountry "BRA"]
[SourceTitle "EXT 2010"]
[Source "ChessBase"]
[SourceDate "2010.11.25"]
[SourceVersion "1"]
[SourceVersionDate "2010.11.25"]
[SourceQuality "1"]

1. Nf3 d5 2. d4 Nf6 3. c4 dxc4 4. Nc3 c5 5. d5 Bf5 6. Qa4+ Nbd7 7. Qxc4 Nb6 8. Qf4 Bg6 9. e4 a6 10. a4 Nxe4 11. Nxe4 Nxd5 12. Qh4 Nb4 13. Bb5+ axb5 14. 0-0 Nc2 15. Rb1 Nd4 16. Ne5 Nf5 17. Qf4 Rxa4 18. b4 Nd4 19. Re1 Ne2+ 0-1

[Event "Brasiliense-ch 47th"]
[Site "Brasilia"]
[Date "2007.10.24"]
[Round "6.11"]
[White "Mendonca, Paulo Roberto"]
[Black "Macedo, Thiago Crema"]
[Result "0-1"]
[WhiteElo "2110"]
[BlackElo "2111"]
[PlyCount "73"]
[EventDate "2007.10.24"]
[EventType "swiss"]
[EventRounds "7"]
[EventCountry "BRA"]
[SourceTitle "EXT 2022"]
[Source "ChessBase"]
[SourceDate "2021.10.06"]
[SourceVersion "1"]
[SourceVersionDate "2021.10.06"]
[SourceQuality "1"]

1. e4 e5 2. Nf3 Nc6 3. Bb5 a6 4. Ba4 Nf6 5. Qe2 b5 6. Bb3 Be7 7. c3 d6 8. d4 0-0 9. Nbd2 Bg4 10. Qe3 Re8 11. Ng5 Rf8 12. 0-0 Na5 13. Bc2 Nh5 14. Ndf3 Bxf3 15. Nxf3 Nc4 16. Qe1 exd4 17. cxd4 c5 18. b3 Na5 19. dxc5 dxc5 20. Bb2 Nf4 21. e5 Ne6 22. Qe4 g6 23. h4 Qc7 24. h5 Rfd8 25. Rad1 c4 26. hxg6 hxg6 27. Qg4 Kg7 28. Nd4 Rxd4 29. Bxd4 cxb3 30. Bxb3 Nxb3 31. axb3 Rh8 32. f4 Nxd4 33. Rxd4 Bc5 34. f5 Rd8 35. f6+ Kg8 36. Qh4 Rxd4 37. Qh6 0-1

[Event "Brasiliense-ch 47th"]
[Site "Brasilia"]
[Date "2007.10.24"]
[Round "1.9"]
[White "Pinto, Carlos Henrique Lop"]
[Black "Macedo, Thiago Crema"]
[Result "0-1"]
[WhiteElo "2111"]
[BlackElo "2111"]
[PlyCount "106"]
[EventDate "2007.10.24"]
[EventType "swiss"]
[EventRounds "7"]
[EventCountry "BRA"]
[SourceTitle "EXT 2022"]
[Source "ChessBase"]
[SourceDate "2021.10.06"]
[SourceVersion "1"]
[SourceVersionDate "2021.10.06"]
[SourceQuality "1"]

1. f4 d5 2. Nf3 Nf6 3. c3 Bf5 4. Qb3 b6 5. Na3 c5 6. d3 Nc6 7. g3 Na5 8. Qa4+ Bd7 9. Qd1 e6 10. Bg2 c4 11. Nc2 Ba4 12. Ne5 cxd3 13. exd3 Rc8 14. 0-0 Bc5+ 15. Kh1 0-0 16. b3 Bxb3 17. axb3 Nxb3 18. Rxa7 Na5 19. Nb4 Bd6 20. Bd2 Bb8 21. Ra8 h5 22. Rxb8 Rxb8 23. Nbc6 Qc7 24. Nxb8 Rxb8 25. h3 b5 26. g4 hxg4 27. hxg4 g6 28. Qe1 Kg7 29. f5 Nxg4 30. f6+ Nxf6 31. Bh6+ Kxh6 32. Rxf6 Rf8 33. Nxg6 Kg7 34. Nxf8 Kxf6 35. Nh7+ Kg7 36. Qh4 Qxc3 37. d4 Qc1+ 38. Kh2 Qh6 39. Qxh6+ Kxh6 40. Nf6 b4 41. Bf1 Nc6 42. Ng4+ Kg5 43. Kg3 Nxd4 44. Ne5 f6 45. Nd3 b3 46. Nc5 e5 47. Bd3 e4 48. Bb1 f5 49. Na4 f4+ 50. Kg2 f3+ 51. Kf2 Kf4 52. Nc3 e3+ 53. Kf1 Kg3 0-1

[Event "Paranavai 1st IRT"]
[Site "Paranavai"]
[Date "2007.09.20"]
[Round "?"]
[White "Araujo, Rafael Moreira"]
[Black "Macedo, Thiago Crema"]
[Result "1/2-1/2"]
[WhiteElo "2155"]
[BlackElo "2111"]
[PlyCount "50"]
[EventDate "2007.09.15"]
[EventType "tourn"]
[EventRounds "7"]
[EventCountry "BRA"]
[SourceTitle "EXT 2022"]
[Source "ChessBase"]
[SourceDate "2021.10.06"]
[SourceVersion "1"]
[SourceVersionDate "2021.10.06"]
[SourceQuality "1"]

1. d4 d5 2. c4 dxc4 3. e3 Nf6 4. Bxc4 e6 5. Nf3 c5 6. 0-0 Nc6 7. Nc3 Be7 8. Qd3 0-0 9. Rd1 Qc7 10. Bd2 Rd8 11. Be1 b6 12. Qe2 Na5 13. a4 a6 14. Ba2 Bb7 15. Rac1 Rac8 16. Ne5 Nc6 17. Nf3 Na5 18. Nb1 Bc6 19. dxc5 Bxa4 20. Rxd8+ Qxd8 21. b4 Bb5 22. Qd2 Nb7 23. cxb6 Rxc1 24. Qxc1 Qxb6 25. Qc8+ Bf8 1/2-1/2

[Event "Paranaense-ch"]
[Site "Paranava"]
[Date "2007.01.17"]
[Round "5.8"]
[White "Macedo, Thiago Crema"]
[Black "Utiyama, Marcel Heimar Ribei"]
[Result "1-0"]
[WhiteElo "2111"]
[BlackElo "2183"]
[PlyCount "73"]
[EventDate "2007.01.15"]
[EventType "swiss"]
[EventRounds "9"]
[EventCountry "BRA"]
[SourceTitle "EXT 2022"]
[Source "ChessBase"]
[SourceDate "2021.10.06"]
[SourceVersion "1"]
[SourceVersionDate "2021.10.06"]
[SourceQuality "1"]

1. e4 c5 2. c4 e6 3. Nc3 Nc6 4. g3 g6 5. Bg2 Bg7 6. Nge2 Nge7 7. d3 d6 8. 0-0 0-0 9. Be3 Nd4 10. f4 Bd7 11. Rb1 Bc6 12. b4 Nxe2+ 13. Nxe2 cxb4 14. Rxb4 Qa5 15. Qb1 Qc7 16. d4 d5 17. cxd5 exd5 18. e5 Qd7 19. h4 b5 20. Kh2 a5 21. Rb2 f5 22. a3 Rfb8 23. Nc1 Nc8 24. Nd3 Nb6 25. Bc1 Bf8 26. Re2 Re8 27. Rfe1 Qe6 28. g4 fxg4 29. f5 Qxf5 30. Rf1 Qd7 31. Ref2 Be7 32. Bh6 Bxh4 33. Rf7 g3+ 34. Kg1 Qg4 35. Rg7+ Kh8 36. Rff7 Qxd4+ 37. Kh1 1-0